Essays On Public Management Gender and Sub-National Governments. (Record no. 3697)

MARC details
000 -LEADER
fixed length control field 00505nam a22001457a 4500
008 - FIXED-LENGTH DATA ELEMENTS--GENERAL INFORMATION
fixed length control field 250528b |||||||| |||| 00| 0 eng d
020 ## - INTERNATIONAL STANDARD BOOK NUMBER
ISBN 9789785234947
245 ## - TITLE STATEMENT
Title Essays On Public Management Gender and Sub-National Governments.
Statement of responsibility, etc Ademolekun Ladipo
260 ## - PUBLICATION, DISTRIBUTION, ETC. (IMPRINT)
Place of publication Ibadan
Name of publisher Caligata Publishing Company Limited.
Date of publication 2016
300 ## - COLLATION
Pagination xix, 178p.
Other physical details illustration;
650 ## - TRACINGS
Main Subject Sex discrimination in Employment Commonwealth Countries.
700 ## - ADDITIONAL AUTHOR
Additional Author Ademolekun Ladipo
942 ## - ADDED ENTRY ELEMENTS (KOHA)
Item type Books
050 ## - LIBRARY OF CONGRESS CALL NUMBER
Classification number JF1601
Item number .A34 2016
Holdings
Source of classification or shelving scheme Not for loan Permanent location Current location Date acquired Accession No. Full call number Barcode. Koha item type
Library of Congress Classification   Samuel Ogbemudia Main Library, University of Abuja Samuel Ogbemudia Main Library, University of Abuja 05/28/2025 2023/61171-72 JF1601.A34 2016 2025-2244 Books
Library of Congress Classification   Samuel Ogbemudia Main Library, University of Abuja Samuel Ogbemudia Main Library, University of Abuja 05/28/2025 2023/61171-72 JF1601.A34 2016 2025-2245 Books